Penny postage centenary (Record no. 2237)

000 -LEADER
fixed length control field 00290nam a22000977a 4500
008 - FIXED-LENGTH DATA ELEMENTS--GENERAL INFORMATION
fixed length control field 170130b xxu||||| |||| 00| 0 eng d
100 ## - MAIN ENTRY--AUTHOR'S NAME
Author's Name Graveson, Samuel
245 ## - TITLE STATEMENT
Title Penny postage centenary
260 ## - PUBLICATION, DISTRIBUTION, ETC. (IMPRINT)
Place of publication, distribution, etc. London
Name of publisher, distributor, etc. The Postal History Society
Date of publication, distribution, etc. 1940
650 ## - TOPICAL TERM (Tag)
Topical term or geographic name Great Britain | Postal History | 1840
Holdings
Withdrawn status Lost status Source of classification or shelving scheme Damaged status Koha normalized classification for sorting Not for loan Collection code Permanent Location Current Location Shelving location Date acquired Total Checkouts Full call number Barcode Date last seen Price effective from Koha item type
        G5741 P856 G776     Northern Philatelic Library Northern Philatelic Library General Stacks 01/30/2017   G5741 P856 G776 1002655 01/30/2017 01/30/2017 Books

Powered by Koha